[Event "AUTO-INT-1440"]
[Site "http://www.queenalice.com/game.php?id=649112"]
[Date "2009.9.8"]
[Round "1"]
[White "gdc"]
[Black "Gusbeypc"]
[Result "1-0"]
[WhiteElo "1354"]
[BlackElo "1647"]

1. e4 e5 2. Nf3 Nc6 3. Bb5 a6 4. Ba4 b5 5. Bb3 Nf6 6. O-O Bc5 7. d3 O-O 8. h3
Nd4 9. Nxd4 Bxd4 10. c3 Bb6 11. Bg5 Bb7 12. Qf3 Kh8 13. Bxf6 Qxf6 14. Qxf6 gxf6
15. Nd2 c6 16. c4 Bc8 17. Kh1 Bd4 18. Rab1 Bb7 19. Nf3 Bb6 20. Rbd1 Rad8 21. g4
d5 22. cxd5 cxd5 23. Bc2 dxe4 24. dxe4 Rxd1 25. Rxd1 Bxf2 26. Rd7 Rc8 27. Rxb7
Rxc2 28. Rxf7 Rxb2 29. h4 Rxa2 30. h5 Be3 31. Nh4 Bg5 32. Nf5 Kg8 33. Rd7 h6 34.
Ne7+ Kf7 35. Ng6+ Ke6 36. Nf8# 1-0

[Event "AUTO-INT-1440"]
[Site "http://www.queenalice.com/game.php?id=649113"]
[Date "2009.9.8"]
[Round "1"]
[White "Gusbeypc"]
[Black "gdc"]
[Result "1-0"]
[WhiteElo "1646"]
[BlackElo "1361"]

1. e4 e5 2. Nf3 Nc6 3. Bb5 a6 4. Bxc6 dxc6 5. O-O Bg4 6. d3 Qf6 7. Nbd2 Bb4 8.
c3 Bc5 9. Qe1 O-O-O 10. d4 Bxf3 11. Nxf3 Bd6 12. Bg5 Qg6 13. Bxd8 Kxd8 14. dxe5
Bc5 15. Qd2+ Ke8 16. Rad1 Be7 17. Qd7+ Kf8 18. Qc8+ 1-0

[Event "AUTO-INT-1440"]
[Site "http://www.queenalice.com/game.php?id=649126"]
[Date "2009.9.8"]
[Round "1"]
[White "Gusbeypc"]
[Black "ThiagoTanaka"]
[Result "1/2-1/2"]
[WhiteElo "1646"]
[BlackElo "1722"]

1. e4 c6 2. Nc3 d5 3. d4 dxe4 4. Nxe4 Bf5 5. Qd3 Nf6 6. f3 Nxe4 7. fxe4 Bg6 8.
Be3 e6 9. O-O-O Qa5 10. a3 Nd7 11. Bd2 Qb6 12. Nf3 Nf6 13. Re1 c5 14. Qb5+ Qxb5
15. Bxb5+ Nd7 16. Bxd7+ Kxd7 17. Ne5+ Ke8 18. Nxg6 hxg6 19. d5 e5 20. Bc3 f6 21.
g4 Rh3 22. Bd2 Kd7 23. Re3 Rxe3 24. Bxe3 Bd6 25. h4 Rh8 26. c3 g5 27. h5 g6 28.
b4 b6 29. Kc2 Bf8 1/2-1/2

[Event "AUTO-INT-1440"]
[Site "http://www.queenalice.com/game.php?id=649127"]
[Date "2009.9.8"]
[Round "1"]
[White "ThiagoTanaka"]
[Black "Gusbeypc"]
[Result "1-0"]
[WhiteElo "1697"]
[BlackElo "1650"]

1. d4 Nf6 2. Bf4 e6 3. Nf3 d5 4. e3 Be7 5. Bd3 O-O 6. O-O a6 7. Nbd2 Nc6 8. c4
b6 9. Rc1 Nb4 10. Bb1 Bd6 11. Bxd6 Qxd6 12. c5 bxc5 13. Rxc5 Nd7 14. Rc3 c5 15.
dxc5 Nxc5 16. Nb3 Nxb3 17. Rxb3 a5 18. a3 Nc6 19. Rb6 Rb8 20. Qb3 Bd7 21. Rxb8
Rxb8 22. Qc3 h6 23. Rd1 e5 24. Ba2 Be6 25. Qd3 e4 26. Qxe4 Ne7 27. Qe5 Qxe5 28.
Nxe5 Rxb2 29. Bb1 Bf5 30. Bxf5 Nxf5 31. Kf1 Ra2 32. Rxd5 Rxa3 33. Nc4 Ra1+ 34.
Ke2 Nh4 35. g3 Ng6 36. Rxa5 Rxa5 37. Nxa5 Ne5 38. f4 Nd7 39. Kd3 f5 40. Kd4 Kf7
41. Nc6 Kf6 42. Ne5 Nb6 43. e4 Na4 44. Nd7+ Ke7 45. Ne5 Kf6 46. Nf3 fxe4 47.
Kxe4 Nc3+ 48. Kd3 Nd5 49. Kd4 Ne7 50. Nh4 Nf5+ 51. Nxf5 Kxf5 52. h3 h5 53. Ke3
g6 54. Kf3 g5 55. fxg5 Kxg5 56. Ke4 h4 57. g4 Kf6 58. Kf4 Kg6 59. Ke5 Kg5 60.
Ke6 Kg6 61. Ke5 Kg5 62. Ke4 Kh6 63. Kf5 Kh7 64. Kg5 Kg7 65. Kxh4 Kh6 66. g5+ Kg6
67. Kg4 Kh7 68. h4 Kg6 69. h5+ Kg7 70. Kf5 Kh7 71. Kf6 Kh8 72. Kg6 Kg8 73. Kh6
Kh8 74. g6 Kg8 75. g7 1-0

[Event "AUTO-INT-1440"]
[Site "http://www.queenalice.com/game.php?id=649128"]
[Date "2009.9.8"]
[Round "1"]
[White "Gusbeypc"]
[Black "schachmattorwieorwatt"]
[Result "1-0"]
[WhiteElo "1619"]
[BlackElo "1405"]

1. e4 e5 2. Nf3 Nc6 3. Bb5 Bb4 4. a3 Bc5 5. b4 Bb6 6. O-O Qf6 7. Bb2 Nge7 8.
Bxc6 Nxc6 9. b5 Nd4 10. Nxd4 Bxd4 11. Bxd4 exd4 12. c3 dxc3 13. Nxc3 O-O 14. Rc1
c6 15. d3 b6 16. a4 Bb7 17. Re1 Rae8 18. d4 Qe7 19. e5 Qe6 20. g3 Re7 21. f4 g6
22. Rb1 c5 23. d5 Qf5 24. Qf3 Rfe8 25. Qe4 Qg4 26. Kg2 Qf5 27. Qxf5 gxf5 28. Kf2
Rc8 29. d6 Re6 30. Nd1 Rce8 31. Ne3 Be4 32. Rbc1 f6 33. g4 fxg4 34. Nxg4 fxe5
35. Rxe4 1-0

[Event "AUTO-INT-1440"]
[Site "http://www.queenalice.com/game.php?id=649129"]
[Date "2009.9.8"]
[Round "1"]
[White "schachmattorwieorwatt"]
[Black "Gusbeypc"]
[Result "0-1"]
[WhiteElo "1398"]
[BlackElo "1626"]

1. e4 e5 2. f4 Nc6 3. Nf3 exf4 4. d4 d5 5. e5 Bg4 6. Nbd2 Nxd4 7. h3 Nxf3+ 8.
Nxf3 Bh5 9. Bxf4 Qd7 10. Qd3 O-O-O 11. Nd2 Bg6 12. Qc3 f6 13. exf6 Nxf6 14.
O-O-O Bd6 15. Be5 Rhe8 16. Bxf6 gxf6 17. a3 Be5 18. Qb3 a6 19. Bd3 d4 20. Bxg6
hxg6 21. Ne4 Qd5 22. Qxd5 Rxd5 23. Rhf1 f5 24. Nd2 Red8 25. Nc4 Bh8 26. Rf2 d3
27. c3 Re8 28. Rf3 Red8 29. Rd2 Bg7 30. Ne3 R5d7 31. Nd1 Bh6 32. Ne3 Re8 33. b4
Bxe3 34. Rxe3 Rxe3 35. Kb2 Re2 36. Kc1 Rxd2 37. Kxd2 c5 0-1

[Event "AUTO-ADV-1467"]
[Site "http://www.queenalice.com/game.php?id=649265"]
[Date "2009.9.8"]
[Round "1"]
[White "Martin_Stahl"]
[Black "Gusbeypc"]
[Result "1-0"]
[WhiteElo "1990"]
[BlackElo "1633"]

1. d4 e6 2. e3 Nf6 3. Bd3 d5 4. Nf3 Be7 5. Nbd2 Nc6 6. c3 a6 7. O-O O-O 8. Re1
b5 9. e4 dxe4 10. Nxe4 Bb7 11. Nxf6+ Bxf6 12. Ne5 Nxe5 13. dxe5 Qd5 14. Bxh7+
Kxh7 15. Qxd5 Bxd5 16. exf6 gxf6 17. Re3 Rfd8 18. Rh3+ Kg7 19. Be3 Rh8 20. Rg3+
Kf8 21. Bc5+ Ke8 22. a4 c6 23. b4 Kd7 24. Rg7 Ke8 25. f3 Rd8 26. axb5 axb5 27.
Ra7 Rd7 28. Rxd7 Kxd7 29. Rxf7+ Ke8 30. Rxf6 Rh4 31. f4 Rh7 32. g4 Rf7 33. Rxf7
Kxf7 34. Kf2 Kf6 35. Bd6 Kg6 36. h4 1-0

[Event "AUTO-ADV-1467"]
[Site "http://www.queenalice.com/game.php?id=649266"]
[Date "2009.9.8"]
[Round "1"]
[White "Gusbeypc"]
[Black "Martin_Stahl"]
[Result "0-1"]
[WhiteElo "1631"]
[BlackElo "1992"]

1. e4 c5 2. Nf3 Nc6 3. Bb5 g6 4. O-O Bg7 5. c3 d6 6. Bxc6+ bxc6 7. h3 Nf6 8. c4
O-O 9. Nc3 Rb8 10. d3 Be6 11. Bd2 Qd7 12. Ng5 Rxb2 13. Qc1 Rbb8 14. Nxe6 Qxe6
15. Bh6 Rfd8 16. Bxg7 Kxg7 17. Qc2 d5 18. cxd5 cxd5 19. Rfe1 d4 20. Na4 Rdc8 21.
Nxc5 Qe5 22. Rac1 Rb5 23. Qa4 Rcxc5 24. g3 Rxc1 25. Rxc1 Rc5 26. Rb1 Qc7 27.
Qxd4 Rc1+ 28. Rxc1 Qxc1+ 29. Kg2 Qa3 30. e5 Qxa2 31. exf6+ exf6 32. Kf3 a5 33.
Kf4 g5+ 34. Ke3 Qe6+ 35. Kd2 Qxh3 36. Qa1 Qf5 0-1

[Event "AUTO-ADV-1467"]
[Site "http://www.queenalice.com/game.php?id=649281"]
[Date "2009.9.8"]
[Round "1"]
[White "yclaudiu35"]
[Black "Gusbeypc"]
[Result "1-0"]
[WhiteElo "1815"]
[BlackElo "1656"]

1. e4 e5 2. Qf3 Qf6 3. Qc3 c6 4. Nf3 d6 5. d4 exd4 6. Qxd4 Qxd4 7. Nxd4 c5 8.
Nb5 Kd7 9. Bf4 a6 10. N5c3 Nf6 11. Nd2 b6 12. Nc4 Kc6 13. e5 Nd5 14. Nxd5 Nd7
15. Nc3 dxe5 16. Bxe5 Bb7 17. g3 f6 18. Bf4 Re8+ 19. Ne3 g5 20. Bg2+ 1-0

[Event "AUTO-ADV-1467"]
[Site "http://www.queenalice.com/game.php?id=649282"]
[Date "2009.9.8"]
[Round "1"]
[White "Gusbeypc"]
[Black "yclaudiu35"]
[Result "0-1"]
[WhiteElo "1657"]
[BlackElo "1875"]

1. e4 e5 2. Nf3 Qf6 3. Bb5 c6 4. Ba4 Bc5 5. O-O a5 6. a3 b5 7. Bb3 d6 8. c3 Bg4
9. d4 exd4 10. cxd4 Bxd4 11. Qxd4 Bxf3 12. Qxf6 Nxf6 13. gxf3 Nbd7 14. Re1 O-O
15. Nc3 Ne5 16. Re3 Nfd7 17. Bd1 f5 18. f4 Nc4 19. Re1 Rae8 20. b3 Ncb6 21. b4
a4 22. Bf3 d5 23. e5 Rf7 24. Bb2 Nc4 25. Re2 Re6 26. Kh1 g5 27. Rg1 g4 28. Bg2
Nf8 29. f3 h5 30. fxg4 hxg4 31. h3 Rh7 32. Kh2 Ng6 33. Bf1 Nxf4 34. Re1 Nxb2 35.
Nd1 Nxd1 36. Rxd1 Rxe5 37. Rd4 Nxh3 38. Bxh3 Rxh3+ 39. Kg2 Rxa3 40. Rd2 Rb3 41.
Rc2 Re6 42. Rf1 Rf6 43. Re2 Rxb4 44. Re8+ Kf7 45. Rfe1 Re4 46. R8xe4 fxe4 47.
Kg3 a3 48. Ra1 b4 49. Kxg4 e3 0-1

[Event "AUTO-ADV-1467"]
[Site "http://www.queenalice.com/game.php?id=649291"]
[Date "2009.9.8"]
[Round "1"]
[White "forth_generation"]
[Black "Gusbeypc"]
[Result "1-0"]
[WhiteElo "1798"]
[BlackElo "1695"]

1. e4 e5 2. Nf3 Nc6 3. Bb5 a6 4. Ba4 b5 5. Bb3 Bc5 6. c3 Nf6 7. d4 exd4 8. e5
O-O 9. exf6 Re8+ 10. Kf1 Qxf6 11. Bg5 Qd6 12. Qd3 Ne5 13. Qe4 c6 14. cxd4 Bb7
15. dxe5 Rxe5 16. Nxe5 Rf8 17. Nc3 Bd4 18. Nxf7 Rxf7 19. Qe8+ 1-0

[Event "AUTO-ADV-1467"]
[Site "http://www.queenalice.com/game.php?id=649292"]
[Date "2009.9.8"]
[Round "1"]
[White "Gusbeypc"]
[Black "forth_generation"]
[Result "0-1"]
[WhiteElo "1649"]
[BlackElo "1875"]

1. e4 c5 2. Nf3 d6 3. Bb5+ Nc6 4. Bxc6+ bxc6 5. O-O e5 6. Re1 Be7 7. c4 Nf6 8.
h3 O-O 9. d3 Rb8 10. b3 Nd7 11. Nc3 f5 12. Bb2 Qe8 13. Qd2 Qg6 14. exf5 Rxf5 15.
Ne4 Rxf3 16. Re3 Rxe3 17. Qxe3 Bb7 18. a4 Ba6 19. Nd2 Bg5 20. Qe2 Bxd2 21. Qxd2
Rxb3 22. Rd1 d5 23. Ba1 e4 24. dxe4 Bxc4 25. e5 d4 26. Qa5 Bd5 27. Qd8+ Nf8 28.
g3 Rxg3+ 29. fxg3 Qxg3+ 0-1

[Event "AUTO-OPEN-1684"]
[Site "http://www.queenalice.com/game.php?id=649302"]
[Date "2009.9.8"]
[Round "1"]
[White "Gusbeypc"]
[Black "leaqui"]
[Result "1-0"]
[WhiteElo "1642"]
[BlackElo "1073"]

1. e4 e5 2. Nf3 Qf6 3. Bb5 Bc5 4. b3 h5 5. Bb2 h4 6. Bxe5 Qb6 7. d4 Bb4+ 8. c3
Ba5 9. Bd3 Qg6 10. Nxh4 Rxh4 11. Bg3 Rh6 12. e5 f5 13. Qf3 d6 14. Qe3 b6 15. b4
1-0

[Event "AUTO-OPEN-1684"]
[Site "http://www.queenalice.com/game.php?id=649303"]
[Date "2009.9.8"]
[Round "1"]
[White "leaqui"]
[Black "Gusbeypc"]
[Result "0-1"]
[WhiteElo "988"]
[BlackElo "1644"]

1. e4 e5 2. Bc4 Nf6 3. Qf3 Bc5 4. Qg3 O-O 5. Nf3 Nxe4 6. Qxe5 Bxf2+ 7. Ke2 Re8
8. Qf4 Qe7 9. Nc3 d6 10. d3 Nxc3+ 11. Kxf2 Na4 12. Re1 Qd7 13. Ng5 Rf8 14. Bxf7+
Rxf7 15. Nxf7 Qxf7 0-1

[Event "AUTO-OPEN-1684"]
[Site "http://www.queenalice.com/game.php?id=649306"]
[Date "2009.9.8"]
[Round "1"]
[White "Gusbeypc"]
[Black "Nascimento"]
[Result "0-1"]
[WhiteElo "1683"]
[BlackElo "1398"]

1. e4 e5 2. Nf3 Nc6 3. Bb5 a6 4. Ba4 Nf6 5. Nc3 Bc5 6. Bxc6 bxc6 7. d4 exd4 8.
Nxd4 d5 9. Nxc6 Qd6 10. exd5 Bg4 11. f3 Bd7 12. Ne4 Nxe4 13. fxe4 Qf6 14. Rf1
Qh4+ 15. g3 Qxh2 16. Qf3 O-O 17. c3 Bxc6 18. Be3 Bb5 19. Rf2 Qg1+ 20. Rf1 Qxe3+
21. Kd1 Bxf1 0-1

[Event "AUTO-OPEN-1684"]
[Site "http://www.queenalice.com/game.php?id=649307"]
[Date "2009.9.8"]
[Round "1"]
[White "Nascimento"]
[Black "Gusbeypc"]
[Result "0-1"]
[WhiteElo "1402"]
[BlackElo "1651"]

1. e4 e5 2. d4 Nc6 3. Nf3 d6 4. dxe5 Be7 5. h4 Nxe5 6. Bg5 Bg4 7. Be2 Nxf3+ 8.
gxf3 Bd7 9. f4 f6 10. Bh5+ g6 11. f5 gxh5 12. Qxh5+ Kf8 13. Bf4 Bc6 14. Bh6+
Nxh6 15. Qxh6+ Kf7 16. Rg1 Ke8 17. Nd2 Bf8 18. Qh5+ Ke7 19. O-O-O Be8 20. Qe2 h5
21. Nf3 Bf7 22. e5 Kd7 23. e6+ Kc8 24. Nd4 Be8 25. Rge1 Rh7 26. c4 c5 27. Nb5
Bxb5 28. cxb5 a6 29. Rg1 Qa5 30. Rge1 Be7 31. Rg1 Kc7 32. bxa6 Qxa6 33. Qxa6
Rxa6 34. a3 Ra4 0-1